000 00807nam a2200241 i 4500
001 13759
003 ES-MaACL
005 20251004063043.0
007 t|
008 980313s1997 sp c ||||0| spa d
020 _a84-88006-29-2
080 _a74/76 Hernández, José (064.3)
100 1 _aHernández, José,
_d1944-2013
_9159668
245 1 0 _aFábulas
_b: 11 de marzo a 18 de mayo, 1997 /
_cJosé Hernández.
260 _a[Madrid] :
_bCentro Cultural del Conde Duque,
_c[1997]
300 _a120 p :
_bil. col. y n ;
_c23 cm.
600 1 7 _aHernández, José,
_d1944-2013-
_vExposiciones
_2
_9159664
655 7 _2tgfbne
_9193628
_aCatálogos de exposiciones
710 2 _aCentro Cultural del Conde Duque.
_92579
852 _aES-MaACL
_jL-21314
942 _2udc
999 _c13759
_d13759